00000000cas 2200000zi 4500
0019.955496
003CaOODSP
00520260603115524
006m     o  d f      
007cr cn ||||||||
008250918c20259999oncar p o    f0###b0fre|d
022 |a2819-6570
040 |aCaOODSP|bfre|erda|cCaOODSP
043 |an-cn---
0861 |aT91-9F-PDF
1101 |aCanada. |bLogement, infrastructures et collectivités Canada, |eauteur, |eorganisme de publication.
222 0|aÉtats financiers (non vérifiés) pour l'exercice du ... |b(Canada. Logement, Infrastructures et collectivités Canada)
24510|aÉtats financiers (non vérifiés) pour l'exercice du ... / |cLogement, infrastructures et collectivités Canada.
264 1|a[Ottawa] : |bLogement, infrastructures et collectivités Canada, |c[2025]-
310 |aAnnuel
336 |atexte|btxt|2rdacontent/fre
337 |ainformatique|bc|2rdamedia/fre
338 |aressource en ligne|bcr|2rdacarrier/fre
3621 |aParaît depuis : 20 juin au 31 mars 2025.
500 |aPublié aussi en anglais sous le titre : Financial statements (unaudited) for the period of ...
515 |aLes livraisons du 20 juin au 31 mars 2025- également datées exercice 2024/2025-
588 |aDescription d'après : 20 juin au 31 mars 2025; titre de la page couverture du fichier PDF.
588 |aDernière livraison consultée : 20 juin au 31 mars 2025.
61016|aCanada. |bLogement, infrastructures et collectivités Canada|xCrédits budgétaires et dépenses|vPériodiques.
650 6|aÉtats financiers non vérifiés|zCanada|vPériodiques.
650 6|aFinances publiques|zCanada|vPériodiques.
655 7|aPériodiques|2rvmgf
77508|tFinancial statements (unaudited) for the period of ... / |w(CaOODSP)9.955497
78000|tÉtats financiers (non audités) pour l'exercice terminé le ... / |w(CaOODSP)9.904446